[Event "Stay Safe Play From Home 363"]
[Site "Emanuel Lasker Arena"]
[Date "2020.08.06"]
[Round "5"]
[White "Greblah"]
[Black "Haris kollari 13"]
[Result "1-0"]
[WhiteElo "1902"]
[BlackElo "1816"]
[Annotator "NA RC"]
[PlyCount "87"]
[EventDate "2020.08.06"]
[EventType "swiss (blitz)"]

1. e4 {[%emt 0:00:01]} e6 {[%emt 0:00:00]} 2. d4 {[%emt 0:00:02]} d5 {[%emt 0:00:01]} 3. Nc3 {[%emt 0:00:00]} Nf6 {[%emt 0:00:01]} 4. e5 {[%emt 0:00:04]} Nfd7 {[%emt 0:00:01]} 5. f4 {[%emt 0:00:02]} c5 {[%emt 0:00:00]} 6. Nf3 {[%emt 0:00:01]} Nc6 {[%emt 0:00:00]} 7. Be3 {[%emt 0:00:02]} a6 {[%emt 0:00:01]} 8. Ne2 {[%emt 0:00:06]} c4 {[%emt 0:00:01]} 9. c3 {[%emt 0:00:01]} b5 {[%emt 0:00:01]} 10. g4 {[%emt 0:00:02]} h5 {[%emt 0:00:02]} 11. gxh5 {[%emt 0:00:04]} Rxh5 {[%emt 0:00:02]} 12. Ng3 {[%emt 0:00:01]} Rh8 {[%emt 0:00:01]} 13. Bg2 {[%emt 0:00:01]} Bb7 {[%emt 0:00:02]} 14. Kf2 {[%emt 0:00:01]} Nb6 {[%emt 0:00:01]} 15. f5 {[%emt 0:00:03]} Be7 {[%emt 0:00:02]} 16. fxe6 {[%emt 0:00:03]} fxe6 {[%emt 0:00:01]} 17. Qd2 {[%emt 0:00:05]} Qd7 {[%emt 0:00:02]} 18. Bg5 {[%emt 0:00:07]} O-O-O {[%emt 0:00:02]} 19. Bxe7 {[%emt 0:00:04]} Qxe7 {[%emt 0:00:01]} 20. Qg5 {[%emt 0:00:00]} Rdf8 {[%emt 0:00:01]} 21. Qxe7 {[%emt 0:00:04]} Nxe7 {[%emt 0:00:01]} 22. Ke3 {[%emt 0:00:03]} Kd7 {[%emt 0:00:04]} 23. Ng5 {[%emt 0:00:04]} Nf5+ {[%emt 0:00:04]} 24. Nxf5 {[%emt 0:00:03]} Rxf5 {[%emt 0:00:01]} 25. h4 {[%emt 0:00:03]} a5 {[%emt 0:00:05]} 26. Bh3 {[%emt 0:00:02]} g6 {[%emt 0:00:06]} 27. Bxf5 {[%emt 0:00:03]} gxf5 {[%emt 0:00:01]} 28. h5 {[%emt 0:00:06]} Ke7 {[%emt 0:00:01]} 29. h6 {[%emt 0:00:02]} Bc6 {[%emt 0:00:01]} 30. h7 {[%emt 0:00:03]} Be8 {[%emt 0:00:01]} 31. Rh6 {[%emt 0:00:08]} Bf7 {[%emt 0:00:01]} 32. Nxf7 {[%emt 0:00:09]} Kxf7 {[%emt 0:00:01]} 33. Rg1 {[%emt 0:00:01]} Nd7 {[%emt 0:00:06]} 34. Rg8 {[%emt 0:00:07]} Rxg8 {[%emt 0:00:02]} 35. hxg8=Q+ {[%emt 0:00:01]} Kxg8 {[%emt 0:00:00]} 36. Rxe6 {[%emt 0:00:01]} Kf7 {[%emt 0:00:02]} 37. Ra6 {[%emt 0:00:04]} b4 {[%emt 0:00:02]} 38. e6+ {[%emt 0:00:01]} Ke7 {[%emt 0:00:03]} 39. exd7 {[%emt 0:00:01]} bxc3 {[%emt 0:00:00]} 40. d8=Q+ {[%emt 0:00:04]} Kxd8 {[%emt 0:00:01]} 41. bxc3 {[%emt 0:00:01]} Ke7 {[%emt 0:00:01]} 42. Kf4 {[%emt 0:00:01]} a4 {[%emt 0:00:02]} 43. Kxf5 {[%emt 0:00:02]} a3 {[%emt 0:00:01]} 44. Ke5 {[%emt 0:00:01] Haris kollari 13 resigns Haris kollari 13 resigns Haris kollari 13 resigns Haris kollari 13 resigns Haris kollari 13 resigns (Lag: Av=0.34s, max=0.5s) (Lag: Av=0.34s, max=0.5s) (Lag: Av=0.34s, max=0.5s) (Lag: Av=0.34s, max=0.5s) (Lag: Av=0.34s, max=0.5s)} 1-0

[Event "Stay Safe Play From Home 363"]
[Site "Emanuel Lasker Arena"]
[Date "2020.08.06"]
[Round "5"]
[White "Padmaesh M K"]
[Black "Buzaglo"]
[Result "1-0"]
[WhiteElo "1804"]
[BlackElo "1732"]
[Annotator "NA RC"]
[PlyCount "113"]
[EventDate "2020.08.06"]
[EventType "swiss (blitz)"]

1. d4 {[%emt 0:00:02]} d5 {[%emt 0:00:01]} 2. Nf3 {[%emt 0:00:02]} Nf6 {[%emt 0:00:01]} 3. c4 {[%emt 0:00:00]} e6 {[%emt 0:00:01]} 4. Nc3 {[%emt 0:00:01]} c6 {[%emt 0:00:01]} 5. cxd5 {[%emt 0:00:02]} exd5 {[%emt 0:00:02]} 6. Bf4 {[%emt 0:00:02]} Bd6 {[%emt 0:00:01]} 7. Bg3 {[%emt 0:00:04]} Bxg3 {[%emt 0:00:01]} 8. hxg3 {[%emt 0:00:00]} h6 {[%emt 0:00:00]} 9. e3 {[%emt 0:00:01]} Bg4 {[%emt 0:00:02]} 10. Bd3 {[%emt 0:00:01]} Nbd7 {[%emt 0:00:02]} 11. Qc2 {[%emt 0:00:01]} Bxf3 {[%emt 0:00:02]} 12. gxf3 {[%emt 0:00:02]} Qe7 {[%emt 0:00:05]} 13. g4 {[%emt 0:00:02]} c5 {[%emt 0:00:04]} 14. Nb5 {[%emt 0:00:05]} Rc8 {[%emt 0:00:07]} 15. Nxa7 {[%emt 0:00:08]} Rd8 {[%emt 0:00:12]} 16. g5 {[%emt 0:00:04]} Ng8 {[%emt 0:00:12]} 17. gxh6 {[%emt 0:00:03]} Rxh6 {[%emt 0:00:05]} 18. Kd2 {[%emt 0:00:09]} c4 {[%emt 0:00:09]} 19. Be2 {[%emt 0:00:02]} Qb4+ {[%emt 0:00:19]} 20. Qc3 {[%emt 0:00:14]} Qb6 {[%emt 0:00:01]} 21. Qa3 {[%emt 0:00:03]} Ra8 {[%emt 0:00:05]} 22. Rxh6 {[%emt 0:00:07]} Nxh6 {[%emt 0:00:08]} 23. Rg1 {[%emt 0:00:08]} Rxa7 {[%emt 0:00:06]} 24. Qc3 {[%emt 0:00:01]} Rxa2 {[%emt 0:00:08]} 25. Kc2 {[%emt 0:00:03]} Qb3+ {[%emt 0:00:05]} 26. Qxb3 {[%emt 0:00:03]} cxb3+ {[%emt 0:00:00]} 27. Kxb3 {[%emt 0:00:00]} Ra8 {[%emt 0:00:08]} 28. Rxg7 {[%emt 0:00:00]} Kf8 {[%emt 0:00:07]} 29. Rh7 {[%emt 0:00:02]} Ng8 {[%emt 0:00:05]} 30. Bb5 {[%emt 0:00:03]} Ndf6 {[%emt 0:00:01]} 31. Rh4 {[%emt 0:00:06]} Rd8 {[%emt 0:00:03]} 32. Kc3 {[%emt 0:00:03]} Rc8+ {[%emt 0:00:01]} 33. Kd2 {[%emt 0:00:01]} Rd8 {[%emt 0:00:01]} 34. Bd3 {[%emt 0:00:02]} Ke7 {[%emt 0:00:01]} 35. Rf4 {[%emt 0:00:02]} Kd6 {[%emt 0:00:05]} 36. e4 {[%emt 0:00:04]} dxe4 {[%emt 0:00:01]} 37. fxe4 {[%emt 0:00:00]} Re8 {[%emt 0:00:02]} 38. e5+ {[%emt 0:00:01]} Ke6 {[%emt 0:00:02]} 39. exf6 {[%emt 0:00:01]} Nxf6 {[%emt 0:00:00]} 40. Bc4+ {[%emt 0:00:03]} Kd6 {[%emt 0:00:02]} 41. Rxf6+ {[%emt 0:00:01]} Kc7 {[%emt 0:00:03]} 42. Rxf7+ {[%emt 0:00:01]} Kb6 {[%emt 0:00:00]} 43. Bd5 {[%emt 0:00:02]} Ka5 {[%emt 0:00:02]} 44. Rxb7 {[%emt 0:00:02]} Rf8 {[%emt 0:00:03]} 45. f3 {[%emt 0:00:02]} Rd8 {[%emt 0:00:02]} 46. Be4 {[%emt 0:00:01]} Rxd4+ {[%emt 0:00:01]} 47. Ke3 {[%emt 0:00:00]} Rd6 {[%emt 0:00:02]} 48. b4+ {[%emt 0:00:01]} Ka4 {[%emt 0:00:01]} 49. Bc2+ {[%emt 0:00:02]} Ka3 {[%emt 0:00:02]} 50. b5 {[%emt 0:00:00]} Kb4 {[%emt 0:00:01]} 51. b6 {[%emt 0:00:01]} Kc5 {[%emt 0:00:00]} 52. Be4 {[%emt 0:00:03]} Re6 {[%emt 0:00:01]} 53. f4 {[%emt 0:00:02]} Re7 {[%emt 0:00:01]} 54. Rxe7 {[%emt 0:00:02]} Kd6 {[%emt 0:00:00]} 55. b7 {[%emt 0:00:02]} Kc5 {[%emt 0:00:00]} 56. b8=Q {[%emt 0:00:01]} Kc4 {[%emt 0:00:01]} 57. Rc7# {[%emt 0:00:04] (Lag: Av=0.55s, max=0.9s) (Lag: Av=0.55s, max=0.9s) (Lag: Av=0.55s, max=0.9s) (Lag: Av=0.55s, max=0.9s) (Lag: Av=0.55s, max=0.9s)} 1-0

[Event "Stay Safe Play From Home 363"]
[Site "Emanuel Lasker Arena"]
[Date "2020.08.06"]
[Round "5"]
[White "Timbre"]
[Black "Lazieri3"]
[Result "0-1"]
[WhiteElo "1604"]
[BlackElo "1966"]
[Annotator "TA"]
[PlyCount "56"]
[EventDate "2020.08.06"]
[EventType "swiss (blitz)"]

{[%evp 12,55,11,7,8,-12,-12,-10,14,10,16,8,13,7,8,16,25,-5,27,-17,-17,-18,-20,-20,-21,-27,-25,-53,-35,-33,-33,-36,-31,-39,-20,-47,-45,-691,-688,-589,-391,-1209,-1186,-29989,-5900,-29999]} 1. d4 c6 2. Nf3 d5 3. c3 Nf6 4. Bf4 Bf5 5. e3 e6 6. Bd3 Bxd3 7. Qxd3 Bd6 {D02: 1 d4 d5 2 Nf3 sidelines, including 2...Nf6 3 g3 and 2...Nf6 3 Bf4.} 8. Bg3 Bxg3 9. hxg3 h6 {The position is equal.} 10. Nbd2 Nbd7 11. e4 dxe4 12. Nxe4 Nxe4 13. Qxe4 Nf6 14. Qc2 {[#]} Qb6 $146 ({Predecessor:} 14... Qc7 15. Ne5 O-O-O 16. Nc4 Nd5 17. O-O-O Kb8 18. Rh4 f6 19. Re4 Rhe8 20. Rde1 Qf7 {½-½ (32) Zlatanovic,S (1544)-Brilej,J (1965) Otocec 2016}) 15. Kf1 O-O 16. Kg1 c5 17. dxc5 Qxc5 18. a3 Rad8 19. Rf1 Rd5 20. Rh4 Rfd8 21. Qb3 b6 22. Qa4 R8d7 23. Qa6 Rd1 24. Rxd1 $4 {[%mdl 8192] This move loses the game for White.} (24. Rb4 $15) 24... Rxd1+ $19 25. Kh2 Qxf2 {[#] Strongly threatening ...g5.} 26. Qxa7 $2 (26. Qc8+ Kh7 27. Qc7) 26... g5 27. Re4 g4 (27... Qf1 $142 28. Qa8+ Kg7 29. g4 h5 30. Qb7 Qh1+ 31. Kg3 h4+ 32. Nxh4 gxh4+ 33. Kf4 Qf1+ 34. Kg5 Nxe4+ 35. Kh5 Qf6 36. Qxf7+ Qxf7+ 37. Kxh4 Rh1#) 28. Nh4 Qg1# {Accuracy: White = 37%, Black = 74%.} 0-1

[Event "Stay Safe Play From Home 363"]
[Site "Emanuel Lasker Arena"]
[Date "2020.08.06"]
[Round "5"]
[White "James Harcourt"]
[Black "Klasman"]
[Result "0-1"]
[WhiteElo "1401"]
[BlackElo "1519"]
[Annotator "NA RC"]
[PlyCount "74"]
[EventDate "2020.08.06"]
[EventType "swiss (blitz)"]

1. e4 {[%emt 0:00:03]} f5 {[%emt 0:00:16]} 2. f4 {[%emt 0:00:00]} fxe4 {[%emt 0:00:03]} 3. d3 {[%emt 0:00:02]} Nf6 {[%emt 0:00:03]} 4. Nc3 {[%emt 0:00:03]} exd3 {[%emt 0:00:02]} 5. Bxd3 {[%emt 0:00:01]} d5 {[%emt 0:00:03]} 6. Be3 {[%emt 0:00:03]} Bg4 {[%emt 0:00:01]} 7. Be2 {[%emt 0:00:03]} Bxe2 {[%emt 0:00:02]} 8. Ncxe2 {[%emt 0:00:03]} Nc6 {[%emt 0:00:02]} 9. Nd4 {[%emt 0:00:01]} Nxd4 {[%emt 0:00:02]} 10. Bxd4 {[%emt 0:00:01]} e6 {[%emt 0:00:02]} 11. Qf3 {[%emt 0:00:05]} c5 {[%emt 0:00:04]} 12. Bxf6 {[%emt 0:00:01]} Qxf6 {[%emt 0:00:02]} 13. O-O-O {[%emt 0:00:01]} Bd6 {[%emt 0:00:07]} 14. g3 {[%emt 0:00:02]} c4 {[%emt 0:00:08]} 15. c3 {[%emt 0:00:02]} O-O-O {[%emt 0:00:06]} 16. Ne2 {[%emt 0:00:01]} g5 {[%emt 0:00:01]} 17. f5 {[%emt 0:00:06]} Qxf5 {[%emt 0:00:03]} 18. Qg2 {[%emt 0:00:03]} Bc5 {[%emt 0:00:15]} 19. Rhf1 {[%emt 0:00:02]} Be3+ {[%emt 0:00:02]} 20. Rd2 {[%emt 0:00:05]} Qd3 {[%emt 0:00:05]} 21. Rfd1 {[%emt 0:00:05]} Rhf8 {[%emt 0:00:06]} 22. Qh3 {[%emt 0:00:01]} Rf6 {[%emt 0:00:09]} 23. Nd4 {[%emt 0:00:09]} Re8 {[%emt 0:00:22]} 24. Nc2 {[%emt 0:00:08]} Bxd2+ {[%emt 0:00:06]} 25. Rxd2 {[%emt 0:00:02]} Rf1+ {[%emt 0:00:07]} 26. Qxf1 {[%emt 0:00:10]} Qxf1+ {[%emt 0:00:01]} 27. Rd1 {[%emt 0:00:01]} Qf3 {[%emt 0:00:06]} 28. Nd4 {[%emt 0:00:04]} Qe3+ {[%emt 0:00:02]} 29. Rd2 {[%emt 0:00:03]} Rf8 {[%emt 0:00:02]} 30. Kc2 {[%emt 0:00:04]} Rf2 {[%emt 0:00:01]} 31. Rxf2 {[%emt 0:00:06]} Qxf2+ {[%emt 0:00:01]} 32. Kd1 {[%emt 0:00:02]} e5 {[%emt 0:00:01]} 33. Nb5 {[%emt 0:00:05]} e4 {[%emt 0:00:02]} 34. Nd6+ {[%emt 0:00:01]} Kd7 {[%emt 0:00:02]} 35. b3 {[%emt 0:00:01]} e3 {[%emt 0:00:01]} 36. Ne4 {[%emt 0:00:03]} dxe4 {[%emt 0:00:01]} 37. bxc4 {[%emt 0:00:03]} Qd2# {[%emt 0:00:02] Mate Mate Mate Mate Mate} 0-1

[Event "Stay Safe Play From Home 363"]
[Site "Emanuel Lasker Arena"]
[Date "2020.08.06"]
[Round "6"]
[White "Greblah"]
[Black "Chesstiger9"]
[Result "1-0"]
[WhiteElo "1915"]
[BlackElo "1973"]
[Annotator "TA"]
[PlyCount "79"]
[EventDate "2020.08.06"]
[EventType "swiss (blitz)"]

{[%evp 13,79,15,44,0,55,-1,99,20,61,-62,129,125,114,102,123,98,133,54,114,0,134,122,122,73,90,61,64,77,133,83,95,0,86,82,90,93,109,109,143,110,109,123,162,151,237,232,309,212,222,212,258,251,277,201,694,684,690,671,570,119,177,41,253,130,268,275,393,390]} 1. e4 c5 2. Nc3 e6 3. g3 Nc6 4. Bg2 g6 5. d3 Bg7 6. Be3 d6 7. Qd2 h6 8. Nf3 {B26: Closed Sicilian: 3 g3, lines with early Be3.} Nge7 (8... e5 $11) 9. O-O {[#]} (9. d4 $1 $14) 9... f5 $146 (9... e5 $11) ({Predecessor:} 9... b6 10. d4 e5 11. dxe5 dxe5 12. Nd5 Be6 13. Rfd1 g5 14. c3 O-O 15. h4 f6 {1-0 (41) Strobel,C (2034)-Ter Akopyan,B (2025) Bayern 2017}) 10. Rae1 (10. d4 $16) 10... e5 11. Nh4 (11. exf5 $1 $14 Nxf5 12. Qd1) 11... g5 $2 {[#]} (11... f4 $1 $15 {keeps the upper hand.} 12. gxf4 exf4 13. Bxf4 g5 14. Bxg5 hxg5 15. Qxg5 Rg8 16. Qh5+ Kd7) 12. Nxf5 $16 Bxf5 13. exf5 Nxf5 14. Nd5 O-O 15. Bh3 ({White should play} 15. Qd1 $16) 15... Ncd4 (15... Nce7 $14 16. Bg2 Rb8) 16. Bg2 (16. Qd1 $16) 16... Qd7 (16... Nc6 $1 $11) 17. c3 Ne6 18. Bh3 Rae8 19. Bg4 Qf7 20. Qe2 Qd7 (20... Ned4 $142 21. cxd4 Qxd5) 21. Bh5 Rc8 22. Bg4 ({White should try} 22. Bf3 $16) 22... Nc7 (22... Rce8 $1 $11 {keeps the balance.}) 23. Nxc7 Qxc7 24. Bc1 Rce8 25. Qe4 Ne7 26. Be6+ Kh8 27. h4 $36 {[%mdl 2048] White is really pushing.} gxh4 28. Qxh4 Ng6 {[#]} (28... Nf5 $16 29. Bxf5 Rxf5) 29. Qh3 $1 $18 Qe7 30. Bf5 Qf6 31. Be4 Ne7 32. f4 {fxe5 is the strong threat.} ({Don't take} 32. Bxb7 $6 d5 $16) 32... d5 33. Bg2 exf4 $2 (33... Qg6 34. fxe5 h5) 34. Rxf4 Qg6 35. Rxf8+ Bxf8 36. g4 $2 (36. Re6 $18 Qxd3 37. Bxh6) 36... Bg7 (36... Ng8 $16 37. Rf1 Nf6) 37. Qe3 ({Better is} 37. Qh5 $18 {And now Qxg6 would win.} Qxh5 38. gxh5) 37... Qd6 $2 (37... Qxg4 $14 38. Qe6 (38. Qxc5 Rg8 $17) 38... Qh4) 38. Qf4 (38. Qe6 $18 Qxe6 39. Rxe6) 38... Qxf4 (38... Qg6 $16 39. g5 b6) 39. Bxf4 Rf8 (39... d4 $142 40. Bd6 (40. Bxb7 dxc3 41. bxc3 Bxc3 $18) 40... Bf6 41. Bxb7 dxc3) 40. Bd6 {[%mdl 64] Double Attack. Accuracy: White = 31%, Black = 22%.} 1-0

[Event "Stay Safe Play From Home 363"]
[Site "Emanuel Lasker Arena"]
[Date "2020.08.06"]
[Round "6"]
[White "Padmaesh M K"]
[Black "SelamiSahin"]
[Result "0-1"]
[WhiteElo "1817"]
[BlackElo "2146"]
[Annotator "TA"]
[PlyCount "104"]
[EventDate "2020.08.06"]
[EventType "swiss (blitz)"]

{[%evp 19,104,35,54,27,20,-92,50,0,8,-38,19,-56,-8,-4,57,26,33,34,35,29,35,-17,33,0,42,38,37,25,54,-3,59,50,58,55,57,58,125,125,132,0,0,0,0,-191,-56,-233,0,0,0,-87,-23,-87,-28,-37,0,-14,0,-20,0,0,0,-21,0,0,67,-66,-50,-76,-68,-75,-88,-172,-179,-337,-374,-1035,-772,-808,-784,-1130,-672,-1083,-1006,-1006,-162,-364,-314]} 1. d4 Nf6 2. c4 c5 3. d5 b5 4. cxb5 a6 5. b6 d6 6. Nc3 Nbd7 7. Nf3 g6 8. e4 Bg7 9. Be2 O-O 10. O-O Qxb6 {[#]} 11. Na4 $146 {A57: Benko/Volga Gambit.} ({Predecessor:} 11. Qc2 a5 12. Bb5 Ba6 13. a4 Bxb5 14. axb5 Qb7 15. Bg5 Nb6 16. Nd2 h6 17. Bh4 Ng4 18. Ra2 f5 {0-1 (61) Sapis,W (2382)-Vajda,L (2534) chess.com INT 2020}) 11... Qc7 12. Bf4 (12. Qc2 $11) 12... Ng4 (12... Nxe4 $17 13. Re1 e5 14. dxe6 fxe6) 13. Nc3 {White is slightly better.} Rb8 14. h3 Nge5 (14... Rxb2 $15 15. Qc1 Bxc3 16. Qxc3 Rxe2 17. hxg4 Nf6) 15. Qc2 ({White should try} 15. Nxe5 $11 Nxe5 16. Qd2) 15... c4 16. Nd2 Nc5 (16... f5 $11) 17. Bxe5 ({Much weaker is} 17. Bxc4 Nxc4 18. Nxc4 a5 $15) 17... Bxe5 18. Nxc4 Bxc3 19. bxc3 Bd7 20. Ne3 (20. Nd2 $14) 20... Rfc8 (20... Ba4 $5 {[%cal Ra4c2]} 21. Qc1 Nxe4 $15) 21. f3 Qa7 {White must now prevent ...Na4.} 22. Kh1 Na4 23. Nd1 $1 Qc5 24. c4 (24. Bxa6 $14 Rc7 25. Rc1) 24... Nb6 (24... Qd4 $11 25. Rc1 Rb4) 25. Nb2 $14 Qa5 26. Rfb1 Bb5 27. Qb3 Ba4 (27... Be8 $14) 28. Nxa4 $16 Nxa4 29. Qxb8 (29. Qa3 $1 $16) 29... Rxb8 $11 30. Rxb8+ Kg7 31. Bd1 $2 {[#]} (31. Bf1 $11) 31... Qc3 (31... Qe1+ $1 $19 32. Kh2 Nc3) 32. Rab1 $2 (32. Rbb1 $1 $15 Qe1+ 33. Kh2) 32... Qxc4 $2 (32... Qe1+ $19 33. Kh2 Nc3 {[%mdl 64] Double Attack}) 33. Bb3 Qd4 34. Rd1 (34. Bxa4 $1 $11 {keeps the balance.} Qxa4 35. R1b2) 34... Qa7 ({Black should play} 34... Qb2 $17 {...Nc3 is the strong threat.} 35. Re8 Nc3 {[%mdl 64] Double Attack}) 35. Rb4 (35. Rc8 $11 {remains equal.} Nc5 36. Rc6) 35... Nc5 (35... Nc3 $17 36. Rf1 Ne2) 36. Bc4 Qd7 {[%mdl 1024] Black has compensation.} 37. Rdb1 a5 38. Rb5 a4 39. Be2 f5 40. R1b4 (40. e5 $5) 40... h6 41. Rb8 e6 (41... fxe4 $11 42. fxe4 e5) 42. Ra8 (42. Ba6 $1 $14 Kf6 43. Bb5) 42... fxe4 $15 43. fxe4 {[#]} exd5 $1 44. exd5 Qe7 45. Rb2 (45. Rf4 $17) 45... Qe5 $36 {[%mdl 2048] Black has strong initiative.} 46. Ra7+ $2 (46. Rc2) 46... Kf6 47. Rd2 $2 (47. Rc2 Qe4 48. Rxc5 dxc5 49. Ra6+ Kg5 50. Bf3) 47... Qe3 48. Rc2 Ne4 49. Bf3 Ng3+ (49... Qxa7 $2 50. Bxe4 Qe3 51. Bf3 $19) 50. Kh2 Nf1+ (50... Qxa7 $2 51. Kxg3 Qe3 52. Re2 $17) 51. Kh1 Nd2 $2 (51... Qxa7 52. Rc4 Qe3) 52. Rcc7 $2 (52. Rxd2 Qxa7 53. Re2) 52... Nxf3 {Accuracy: White = 35%, Black = 49%.} 0-1

[Event "Stay Safe Play From Home 363"]
[Site "Emanuel Lasker Arena"]
[Date "2020.08.06"]
[Round "6"]
[White "Haris kollari 13"]
[Black "Joroger"]
[Result "1-0"]
[WhiteElo "1804"]
[BlackElo "1823"]
[Annotator "NA RC"]
[PlyCount "91"]
[EventDate "2020.08.06"]
[EventType "swiss (blitz)"]

1. e4 {[%emt 0:00:01]} c5 {[%emt 0:00:01]} 2. Nf3 {[%emt 0:00:02]} d6 {[%emt 0:00:01]} 3. d4 {[%emt 0:00:00]} cxd4 {[%emt 0:00:00]} 4. Nxd4 {[%emt 0:00:00]} Nf6 {[%emt 0:00:00]} 5. Nc3 {[%emt 0:00:00]} g6 {[%emt 0:00:00]} 6. f4 {[%emt 0:00:01]} Nc6 {[%emt 0:00:01]} 7. Be3 {[%emt 0:00:01]} Bg7 {[%emt 0:00:02]} 8. Be2 {[%emt 0:00:01]} O-O {[%emt 0:00:01]} 9. Qd2 {[%emt 0:00:01]} Nxd4 {[%emt 0:00:02]} 10. Bxd4 {[%emt 0:00:01]} Bd7 {[%emt 0:00:00]} 11. h3 {[%emt 0:00:01]} Bc6 {[%emt 0:00:01]} 12. Bf3 {[%emt 0:00:00]} a6 {[%emt 0:00:01]} 13. O-O-O {[%emt 0:00:02]} Qa5 {[%emt 0:00:07]} 14. Kb1 {[%emt 0:00:02]} Rfc8 {[%emt 0:00:03]} 15. Nd5 {[%emt 0:00:02]} Qxd2 {[%emt 0:00:03]} 16. Nxf6+ {[%emt 0:00:01]} Bxf6 {[%emt 0:00:01]} 17. Rxd2 {[%emt 0:00:01]} Bxd4 {[%emt 0:00:04]} 18. Rxd4 {[%emt 0:00:01]} Kg7 {[%emt 0:00:12]} 19. Rhd1 {[%emt 0:00:02]} Kf6 {[%emt 0:00:02]} 20. g4 {[%emt 0:00:01]} h6 {[%emt 0:00:01]} 21. c4 {[%emt 0:00:03]} g5 {[%emt 0:00:03]} 22. f5 {[%emt 0:00:09]} Ke5 {[%emt 0:00:05]} 23. b4 {[%emt 0:00:03]} Rab8 {[%emt 0:00:31]} 24. b5 {[%emt 0:00:02]} axb5 {[%emt 0:00:02]} 25. cxb5 {[%emt 0:00:01]} Bd7 {[%emt 0:00:08]} 26. a4 {[%emt 0:00:03]} Rc5 {[%emt 0:00:03]} 27. Rd5+ {[%emt 0:00:01]} Rxd5 {[%emt 0:00:04]} 28. Rxd5+ {[%emt 0:00:01]} Kf4 {[%emt 0:00:01]} 29. Bg2 {[%emt 0:00:01]} Rc8 {[%emt 0:00:05]} 30. Kb2 {[%emt 0:00:01]} Rc4 {[%emt 0:00:07]} 31. Kb3 {[%emt 0:00:02]} Rc1 {[%emt 0:00:05]} 32. Rd2 {[%emt 0:00:03]} Rb1+ {[%emt 0:00:21]} 33. Ka2 {[%emt 0:00:07]} Re1 {[%emt 0:00:08]} 34. Rc2 {[%emt 0:00:03]} Kg3 {[%emt 0:00:04]} 35. Kb2 {[%emt 0:00:04]} e6 {[%emt 0:00:09]} 36. Rc7 {[%emt 0:00:14]} Re2+ {[%emt 0:00:03]} 37. Kc3 {[%emt 0:00:02]} Bxb5 {[%emt 0:00:02]} 38. axb5 {[%emt 0:00:06]} Rxg2 {[%emt 0:00:01]} 39. Rxf7 {[%emt 0:00:02]} exf5 {[%emt 0:00:02]} 40. exf5 {[%emt 0:00:01]} Kxh3 {[%emt 0:00:01]} 41. Rxb7 {[%emt 0:00:01]} Kxg4 {[%emt 0:00:01]} 42. f6 {[%emt 0:00:00]} Rf2 {[%emt 0:00:01]} 43. f7 {[%emt 0:00:01]} h5 {[%emt 0:00:01]} 44. Re7 {[%emt 0:00:01]} h4 {[%emt 0:00:00]} 45. b6 {[%emt 0:00:01]} h3 {[%emt 0:00:01]} 46. b7 {[%emt 0:00:01] Zeit Zeit Zeit Zeit Zeit} 1-0

[Event "Stay Safe Play From Home 363"]
[Site "Emanuel Lasker Arena"]
[Date "2020.08.06"]
[Round "6"]
[White "Buzaglo"]
[Black "Hickey"]
[Result "0-1"]
[WhiteElo "1718"]
[BlackElo "2063"]
[Annotator "TA"]
[PlyCount "82"]
[EventDate "2020.08.06"]
[EventType "swiss (blitz)"]

{[%evp 10,81,14,14,14,14,25,8,6,-26,-13,-39,-17,-47,-65,-346,-354,-359,-343,-348,-313,-308,-318,-372,-299,-400,-370,-535,-555,-615,-601,-629,-589,-771,-777,-786,-759,-924,-888,-909,-916,-1458,-1406,-1281,-1162,-1078,-992,-1345,-1345,-1438,-1400,-1684,-1643,-1916,-1900,-2164,-2141,-4025,-3835,-29989,-29990,-29991,-29991,-29991,-29990,-29990,-29989,-29993,-29994,-29996,-29997,-29997,-29997,-29999]} 1. d4 Nf6 2. Nf3 e6 3. g3 b5 4. Bg2 Bb7 5. O-O Be7 6. Qd3 a6 {A46: 1 d4 Nf6 2 Nf3 e6: Torre, London and Colle Systems.} 7. a4 b4 {[#]} 8. c3 $146 ({Predecessor:} 8. c4 O-O 9. Nbd2 d5 10. cxd5 exd5 11. a5 Nbd7 12. Nb3 Ne4 13. Be3 Bc6 14. Rfc1 {1-0 (42) Nikolic,P (2645)-Piket,J (2670) Monte Carlo 1995}) 8... O-O {The position is equal.} 9. b3 bxc3 10. Nxc3 Nc6 11. Ne5 Nb4 $1 $36 {[%cal Rb4d3][%mdl 2048] Black has the initiative.} 12. Qc4 $2 {[%mdl 8192]} (12. Qd1 $15 Bxg2 13. Kxg2) 12... d5 $19 13. Nxd5 Bxd5 ({Don't take} 13... Nbxd5 14. Bb2 $19) (13... exd5 14. Qc3 $19) 14. Qc3 Bxg2 15. Kxg2 Nfd5 16. Qb2 Bf6 17. Nf3 {[#]} c5 $1 {...cxd4 is the strong threat.} 18. Qd2 (18. e4 $142) (18. dxc5 Bxb2) 18... cxd4 19. Rb1 e5 20. Ba3 a5 21. Rfc1 Nc3 22. Rb2 Rc8 23. Re1 Qd5 24. Bxb4 axb4 25. Qd3 e4 {[%mdl 64] Double Attack} 26. Qa6 exf3+ 27. exf3 h6 28. Rd2 Qxb3 29. a5 Ra8 30. Qb7 Qa4 31. Rd3 Rxa5 32. Qc7 b3 33. Re4 b2 34. Qb7 Rb5 {Black mates.} 35. Qd7 b1=Q 36. Re8 Rb8 37. Rxf8+ Rxf8 38. Rxd4 Qxd4 39. Qb7 Qxb7 40. Kh3 {[#]} Qh4+ $1 41. gxh4 Qxf3# {White did not feel at home in the position after the opening. Accuracy: White = 26%, Black = 93%.} 0-1